FMB points to healthy work levels (Record no. 70245)
[ view plain ]
| 000 -LEADER | |
|---|---|
| fixed length control field | 01062cam a2200217 4500 |
| 001 - CONTROL NUMBER | |
| control field | WB3818-07 |
| 008 - FIXED-LENGTH DATA ELEMENTS--GENERAL INFORMATION | |
| fixed length control field | 020514n2002 000 0 eng u |
| 035 ## - SYSTEM CONTROL NUMBER | |
| System control number | (Sirsi) u117954 |
| 245 ## - TITLE STATEMENT | |
| Title | FMB points to healthy work levels |
| 260 ## - PUBLICATION, DISTRIBUTION, ETC. | |
| Date of publication, distribution, etc. | 2002 |
| 490 ## - SERIES STATEMENT | |
| Series statement | FMB Press Release |
| Volume/sequential designation | 24 April 2002, (3) |
| 520 ## - SUMMARY, ETC. | |
| Summary, etc. | Figures from Federation of Master Builders report 'State of Industry Survey' that for the eleventh successive quarter the workloads of small and medium sized businesses have increased ahead of industry expectations. 44% of respondents indicated that their workload was higher in the first quarter of 2002 than in the last three months of 2001.Yorkshire, Wales and Scotland experienced the highest increases. For the full press release: http://www.fmb.org.uk/publications/fmbnews/230402.asp |
| 590 ## - LOCAL NOTE (RLIN) | |
| Local note | WB |
| 650 ## - SUBJECT ADDED ENTRY--TOPICAL TERM | |
| Topical term or geographic name entry element | FEDERATION OF MASTER BUILDERS |
| 650 ## - SUBJECT ADDED ENTRY--TOPICAL TERM | |
| Topical term or geographic name entry element | STATE OF INDUSTRY SURVEY |
| 650 ## - SUBJECT ADDED ENTRY--TOPICAL TERM | |
| Topical term or geographic name entry element | SMALL BUSINESSES |
| 650 ## - SUBJECT ADDED ENTRY--TOPICAL TERM | |
| Topical term or geographic name entry element | BUILDING WORKERS |
| 650 ## - SUBJECT ADDED ENTRY--TOPICAL TERM | |
| Topical term or geographic name entry element | RMI MARKET |
| 690 ## - LOCAL SUBJECT ADDED ENTRY--TOPICAL TERM (OCLC, RLIN) | |
| Topical term or geographic name as entry element | BUILDING AND CONSTRUCTION-PROJECTS |
| 942 ## - ADDED ENTRY ELEMENTS (KOHA) | |
| Suppress in OPAC | 0 |
| Withdrawn status | Lost status | Source of classification or shelving scheme | Damaged status | Not for loan | Home library | Current library | Shelving location | Date acquired | Total Checkouts | Full call number | Barcode | Date last seen | Copy number | Price effective from | Koha item type |
|---|---|---|---|---|---|---|---|---|---|---|---|---|---|---|---|
| Dewey Decimal Classification | London | London | News article | 14/05/2002 | WB3818-07 | 117954-1001 | 06/08/2019 | 1 | 06/08/2019 | News article |